000 02166nam a2200241 a 4500
001 000015327
005 20250207101102.0
008 100205s2001 dr 001 0 spa d
040 _aDO-SdBNP
_bspa
_cBNPHU
082 _a330.97293
_bT266d
100 1 _aTejera, Eduardo J
_b1947-
_910749
245 1 0 _aDebate económico dominicano :
_bensayos y artículos 1997-2001 /
_cEduardo J. Tejera.
260 _aSanto Domingo :
_bSolar,
_c2001.
300 _a281 p. ;
_c23 cm.
500 _aIncluye datos biográficos del autor en la solapa de la cubierta
505 0 _aAño 2001 -- Sugerencias sobre la reactivación económica -- El dilema de los bonos soberanos y el endeudamiento externo -- Dilemas de la política monetaria y crediticia -- El dilema fiscal de la economía -- Sobre el estado de la economía -- Historia de los recientes programas de ajustes económicos /ensayo -- Año 2000 -- La nueva reforma monetaria y financiera -- Sugerencias sobre el mecanismo de reintegro de los impuestos al combustible de las plantas generadoras -- Reforma arancelaria y tributaria : una propuesta intermedia -- Año 1999 -- El momento de aprobar las reformas --Año 1998 -- La nueva reforma arancelaria y tributaria -- El dilema del proyecto de ley general de energía -- El significado de la nueva moneda El Euro para el sector privado dominicano / Charla -- El estado de la economía -- La importancia del turismo y sus problemas -- Reformas y/o diálogo? -- Proyecto de ley de mercado de valores -- Desarrollo industrial y agropecuario -- Año 1997 -- Que las reformas económicas no se detengan -- Requisitos para la globalización -- Retomando la política económica -- Todo está en venta: las virtudes y límites del mercado.
590 _aInventariado, 2018/VM
650 4 _aPolítica monetaria
_zRepública Dominicana
_xEnsayos, conferencias, etc.
_934654
650 4 _aReforma arancelaria
_xEnsayos, conferencias, etc.
_934655
651 4 _aRepública Dominicana
_xCondiciones Económicas
_xEnsayos, Conferencias, Etc.
_92598
651 4 _aRepública Dominicana
_xPolítica Económica
_xEnsayos, Conferencias, Etc.
_91168
910 _aValidado. Control de calidad MFF
999 _c14893
_d14893